Manual de direito do consumidor (Record no. 137109)
[ view plain ]
| 000 -LÍDER | |
|---|---|
| campo de controle de tamanho fixo | 00531 a2200181 4500 |
| 001 - NÚMERO DE CONTROLE | |
| campo de controle | 137109 |
| 020 ## - ISBN - INTERNATIONAL STANDARD BOOK NUMBER | |
| ISBN - International Standard Book Number | 9788502110533 |
| 040 ## - FONTE DA CATALOGAÇÃO | |
| Instituição que transcreveu o registro | Leonardo Da Vinci |
| 041 ## - CÓDIGO DE IDIOMA | |
| Código do idioma do texto/trilha sonora ou título diferente | Português |
| 082 ## - CDD - CLASSIFICAÇÃO DECIMAL DE DEWEY | |
| Número de Classificação | 346.071 A448m |
| Número do exemplar | A448m |
| 100 ## - ENTRADA PRINCIPAL--NOME PESSOAL | |
| Nome pessoal | ALMEIDA, João Batista de |
| 245 ## - TÍTULO | |
| Título | Manual de direito do consumidor |
| 250 ## - EDIÇÃO | |
| Edição | 5 ed |
| 260 ## - PUBLICAÇÃO, DISTRIBUIÇÃO, ETC. | |
| Nome do editor, distribuidor, etc. | Saraiva |
| Data da publicação, distribuição, etc. | 2011 |
| Local de publicação, distribuição, etc. | São Paulo |
| 362 ## - DATAS DE PUBLICAÇÃO E/OU DESIGNAÇÃO SEQUENCIAL | |
| Datas de publicação e/ou designação sequencial | 20110000 |
| 697 ## - ENTRADA DE ASSUNTO LOCAL--ENTIDADE COLETIVA (RLIN) | |
| Nome corporativo ou nome da jurisdição | Consumidores |
| -- | Leis |
| -- | Legislação |
| -- | Consumo no Brasil |
| -- | Conceito de fornecedor |
| -- | Tutela civil |
| -- | Administração |
| -- | FIPEN |
| 942 ## - ELEMENTOS DE ENTRADA ADICIONADOS (KOHA) | |
| Tipo de material Koha | Livros |
| Situação do descarte | Situação das perdas | Situação física | Não pode ser emprestado | Biblioteca de origem | Biblioteca atual | Data de aquisição | Total de empréstimos | Número de chamada completo | Código de barras | Data de último acesso | Data do preço efetivo | Tipo de material Koha |
|---|---|---|---|---|---|---|---|---|---|---|---|---|
| Leonardo Da Vinci - Osasco | Leonardo Da Vinci - Osasco | 27/03/2024 | 346.071 A448m | O014721 | 27/03/2024 | 27/03/2024 | Livros | |||||
| Leonardo Da Vinci - Osasco | Leonardo Da Vinci - Osasco | 27/03/2024 | 346.071 A448m | O014722 | 27/03/2024 | 27/03/2024 | Livros | |||||
| Leonardo Da Vinci - Osasco | Leonardo Da Vinci - Osasco | 27/03/2024 | 346.071 A448m | O014723 | 27/03/2024 | 27/03/2024 | Livros | |||||
| Leonardo Da Vinci - Osasco | Leonardo Da Vinci - Osasco | 27/03/2024 | 346.071 A448m | O014724 | 27/03/2024 | 27/03/2024 | Livros | |||||
| Leonardo Da Vinci - Osasco | Leonardo Da Vinci - Osasco | 27/03/2024 | 346.071 A448m | O014725 | 27/03/2024 | 27/03/2024 | Livros | |||||
| Leonardo Da Vinci - Osasco | Leonardo Da Vinci - Osasco | 27/03/2024 | 346.071 A448m | O014726 | 27/03/2024 | 27/03/2024 | Livros | |||||
| Leonardo Da Vinci - Osasco | Leonardo Da Vinci - Osasco | 27/03/2024 | 346.071 A448m | O014727 | 27/03/2024 | 27/03/2024 | Livros | |||||
| Leonardo Da Vinci - Osasco | Leonardo Da Vinci - Osasco | 27/03/2024 | 346.071 A448m | O014728 | 27/03/2024 | 27/03/2024 | Livros | |||||
| Leonardo Da Vinci - Osasco | Leonardo Da Vinci - Osasco | 27/03/2024 | 346.071 A448m | O014729 | 27/03/2024 | 27/03/2024 | Livros | |||||
| Leonardo Da Vinci - Osasco | Leonardo Da Vinci - Osasco | 27/03/2024 | 346.071 A448m | O014730 | 27/03/2024 | 27/03/2024 | Livros |